Normal view MARC view
  • Moseley

Entry Personal Name

Number of records used in: 2

001 - CONTROL NUMBER

  • control field: 30188

003 - CONTROL NUMBER IDENTIFIER

  • control field: NUST

005 - DATE AND TIME OF LATEST TRANSACTION

  • control field: 20200916150538.0

008 - FIXED-LENGTH DATA ELEMENTS

  • fixed length control field: 200916|| aca||aabn | a|a d

040 ## - CATALOGING SOURCE

  • Original cataloging agency: NUST
  • Transcribing agency: NUST

100 ## - HEADING--PERSONAL NAME

  • Personal name: Moseley

670 ## - SOURCE DATA FOUND

  • Source citation: Work cat.: (NUST): Moseley, Ground improvement /, 2013
© 2023 Central Library, National University of Sciences and Technology. All Rights Reserved.